| 000 | 00698nam a22002297a 4500 | ||
|---|---|---|---|
| 999 |
_c33509 _d33509 |
||
| 001 | 2757 | ||
| 003 | CO-MdFUSB | ||
| 005 | 20180622073123.0 | ||
| 008 | 171120n[ ] enk||||| |||| 00| 0 eng d | ||
| 040 |
_aCO-MdFUSB _bspa _cCO-MdFUSB _dCO-MdFUSBC _erda |
||
| 041 | 0 | _aeng | |
| 082 | 0 | 4 | _aG 226.3 M8471g |
| 100 | 1 |
_aMorgan, G. Campbell (George) (1863-1945) _eautor |
|
| 245 | 4 |
_aThe gospel according to Mark _c / G. Campbell Morgan |
|
| 264 | 1 |
_aLondon, Great Britain : _b Oliphants, _c[ ] |
|
| 300 | _a350 Pag | ||
| 336 |
_2rdacontent _atexto _btxt |
||
| 337 |
_2rdamedia _asin mediación _bn |
||
| 338 |
_2rdacarrier _avolumen _bnc |
||
| 653 | _aBiblia N.T. - Marcos - Comentarios | ||
| 942 | _cBK | ||